Professional Social Work in Australia (Record no. 351274)
[ view plain ]
| 000 -LEADER | |
|---|---|
| fixed length control field | 00511nam a2200133Ia 4500 |
| 008 - FIXED-LENGTH DATA ELEMENTS--GENERAL INFORMATION | |
| fixed length control field | 171212s9999 xx 000 0 und d |
| 020 ## - INTERNATIONAL STANDARD BOOK NUMBER | |
| International Standard Book Number | 9781921934278 |
| 100 ## - MAIN ENTRY--PERSONAL NAME | |
| Personal name | R.J. Lawrence, |
| 245 ## - TITLE STATEMENT | |
| Statement of responsibility, etc | R.J. Lawrence, |
| Title | Professional Social Work in Australia |
| 260 ## - PUBLICATION, DISTRIBUTION, ETC. (IMPRINT) | |
| Name of publisher, distributor, etc | ANU E Press |
| Date of publication, distribution, etc | 2016 |
| 650 ## - SUBJECT ADDED ENTRY--TOPICAL TERM | |
| Topical term or geographic name as entry element | History |
| 650 ## - SUBJECT ADDED ENTRY--TOPICAL TERM | |
| Topical term or geographic name as entry element | Social service -- Australia -- History; Social work education -- Australia -- History; Social workers -- Training of -- Australia -- History |
| 856 ## - ELECTRONIC LOCATION AND ACCESS | |
| Uniform Resource Identifier | <a href="http://jstor.org/stable/j.ctt1bgzbpk">http://jstor.org/stable/j.ctt1bgzbpk</a> |
| Withdrawn status | Lost status | Damaged status | Home library | Current library | Date acquired | Total Checkouts | Date last seen | Price effective from | Koha item type |
|---|---|---|---|---|---|---|---|---|---|
| College Library | College Library | 12/12/2017 | 12/12/2017 | 12/12/2017 | Curriculum - Based eBooks |